000 00552nam a22001937a 4500
003 0
005 20240111114826.0
008 240111b xxu||||| |||| 00| 0 eng d
020 _a978-1-119-406-12-9
050 _aP 90
_b.Ot88 2020
100 _aOtt, Brian L.
245 _aCritical media studies
_cBrian L. Ott
250 _aThird edition
260 _aOxford
_bWiley Blackwell
_cc2020.
300 _avii, 419 pages ;
_c26cm.
504 _aIncludes bibliographical references, glossary, and index.
650 _aMass media.
942 _2lcc
_cBK
999 _c365849
_d365849